Communes de la Province de Namur - Aléatoire - Statistiques

Statistiques générales
  • Ce quiz a été pris 67 fois
  • Le résultat moyen est 7 sur 10
Réponses sur la Carte
Les réponses sont colorées sur une échelle allant du rouge au vert en fonction du pourcentage des utilisateurs qui les ont devinées à leur premier essai. Vous pouvez retrouver ces pourcentages ci-dessous.
 
Statistiques - réponses
Réponse % Correct
Anhée
100%
Ciney
100%
Gembloux
100%
Profondeville
100%
Dinant
93%
Couvin
92%
Beauraing
90%
Bièvre
89%
Sambreville
85%
Assesse
83%
Hastière
83%
Namur
83%
Philippeville
83%
Andenne
80%
Florennes
80%
Onhaye
80%
Viroinval
80%
La Bruyère
78%
Doische
75%
Floreffe
75%
Mettet
75%
Yvoir
75%
Havelange
73%
Vresse-sur-Semois
73%
Walcourt
70%
Fernelmont
67%
Gesves
67%
Hamois
60%
Gedinne
55%
Houyet
55%
Ohey
55%
Sombreffe
55%
Eghezée
50%
Fosses-la-ville
50%
Jemeppe-sur-Sambre
50%
Rochefort
43%
Somme-Leuze
40%
Cerfontaine
33%
Aucun quiz correspondant
Distribution des résultats
% des personnes avec chaque résultat
Percentile par nombre de réponses
Votre historique - résultats
Vous n’avez pas pris ce quiz